Sports Quiz

Random Sports or Football Quiz

SEC Football Champions Quiz Stats

 Plays Quiz not verified by Sporcle

Also try: NFL MVPs
Challenge
Share
Tweet
Embed
Score 0/77 Timer 20:00
0 Plays Today
Year Winner % Correct
2008Florida Gators
89.4%
2009Alabama Crimson Tide
89.4%
2006Florida Gators
88.2%
2007LSU Tigers
87.6%
2003LSU Tigers
83.2%
2004Auburn Tigers
82%
2005Georgia Bulldogs
80.7%
1998Tennessee Volunteers
80.1%
1933Alabama Crimson Tide
79.5%
1999Alabama Crimson Tide
79.5%
2001LSU Tigers
79.5%
1934Alabama Crimson Tide
78.9%
1992Alabama Crimson Tide
78.9%
2000Florida Gators
78.9%
2002Georgia Bulldogs
78.3%
1996Florida Gators
77.6%
1997Tennessee Volunteers
77.6%
1993Florida Gators
77%
1994Florida Gators
76.4%
1995Florida Gators
76.4%
1937Alabama Crimson Tide
73.9%
1989Alabama Crimson Tide
73.3%
1991Florida Gators
73.3%
1935LSU Tigers
72%
1980Georgia Bulldogs
70.8%
1936LSU Tigers
70.2%
1979Alabama Crimson Tide
70.2%
1990Tennessee Volunteers
70.2%
1938Tennessee Volunteers
69.6%
1973Alabama Crimson Tide
69.6%
1975Alabama Crimson Tide
69.6%
1972Alabama Crimson Tide
68.9%
1977Alabama Crimson Tide
68.9%
1985Tennessee Volunteers
68.9%
1987Auburn Tigers
68.9%
1974Alabama Crimson Tide
68.3%
1978Alabama Crimson Tide
68.3%
1982Georgia Bulldogs
68.3%
1986LSU Tigers
68.3%
Year Winner % Correct
1988Auburn Tigers
68.3%
1971Alabama Crimson Tide
68.3%
1981Georgia Bulldogs
67.7%
1964Alabama Crimson Tide
67.1%
1966Alabama Crimson Tide
67.1%
1983Auburn Tigers
67.1%
1961Alabama Crimson Tide
66.5%
1965Alabama Crimson Tide
66.5%
1967Alabama Crimson Tide
65.2%
1984Florida Gators
65.2%
1940Tennessee Volunteers
64.6%
1960Ole Miss Rebels
64.6%
1962Ole Miss Rebels
64.6%
1945Alabama Crimson Tide
63.4%
1970LSU Tigers
63.4%
1963Ole Miss Rebels
62.7%
1969Tennessee Volunteers
62.7%
1953Alabama Crimson Tide
62.1%
1968Georgia Bulldogs
61.5%
1957Auburn Tigers
60.9%
1958LSU Tigers
60.9%
1976Kentucky Wildcats
60.9%
1941Mississippi State Bulldogs
59.6%
1959Georgia Bulldogs
59.6%
1942Georgia Bulldogs
59%
1954Ole Miss Rebels
59%
1956Tennessee Volunteers
59%
1947Ole Miss Rebels
58.4%
1955Ole Miss Rebels
58.4%
1946Georgia Bulldogs
57.8%
1950Kentucky Wildcats
57.8%
1939+Georgia Tech Yellow Jackets
57.1%
1948Georgia Bulldogs
55.9%
1944+Georgia Tech Yellow Jackets
54.7%
1943+Georgia Tech Yellow Jackets
53.4%
1951+Georgia Tech Yellow Jackets
53.4%
1952+Georgia Tech Yellow Jackets
53.4%
1949+Tulane Green Wave
44.7%

You're not logged in!

Compare scores with friends on all Sporcle quizzes.
Join for Free
OR
Log In

You Might Also Like...

Show Comments

Extras

Top Quizzes Today


Score Distribution

Your Account Isn't Verified!

In order to create a playlist on Sporcle, you need to verify the email address you used during registration. Go to your Sporcle Settings to finish the process.

Report this User

Report this user for behavior that violates our Community Guidelines.

Details: